Rocket League : RLCS Winners - Statistiques

Statistiques générales
  • Ce quiz a été pris 1 711 fois
  • Le résultat moyen est 20 sur 46
Statistiques - réponses
an Teams/Players Réponse % Correct
S7 Team Vitality
95%
S10 Covid Team EU Vitality
95%
S12 Team Vitality
95%
S12 Player 3 Zen
87%
S4 Player 3 Kaydop
86%
S5 Player 3 Kaydop
86%
S7 Player 2 Kaydop
86%
S11 Team BDS
82%
S12 Player 1 Alpha54
76%
S11 Player 1 MonkeyMoon
76%
S12 Player 2 Radosin
75%
S7 Player 1 Fairy Peak
69%
S8 Team NRG
63%
S10 Covid Team NA NRG
63%
S5 Team Dignitas
62%
S9 Covid Team EU Dignitas
62%
S9 Covid Team NA G2
56%
S3 Player 4 Turbopolsa
54%
S4 Player 2 Turbopolsa
54%
S5 Player 2 Turbopolsa
54%
S8 Player 3 Turbopolsa
54%
S11 Player 3 Seikoo
51%
S7 Player 3 Scrubkilla
44%
S11 Player 2 Extra
42%
S8 Player 2 Jstn
42%
S6 Player 1 Squishy
38%
S6 Team Cloud9
35%
S4 Player 1 ViolentPanda
34%
S5 Player 1 ViolentPanda
34%
S8 Player 1 GarrettG
32%
S2 Player 2 Kuxir97
28%
S1 Player 1 Kronovi
16%
S6 Player 3 Torment
14%
S2 Team Flipsid3 Tactics
13%
S4 Team Gale force
12%
S6 Player 2 Gimmick
11%
S3 Player 2 Deevo
9%
S3 Team Northern Gaming
9%
S1 Player 3 Over Zero
7%
S2 Player 1 Markydooda
6%
S1 Player 2 Lachinio
5%
S1 Team IBP Cosmic
4%
S3 Player 1 Remkoe
4%
S2 Player 3 Greazymeister
3%
S1 Player 4 Gambit
2%
S3 Player 3 Maestro
2%
Aucun quiz correspondant
Distribution des résultats
% des personnes avec chaque résultat
Percentile par nombre de réponses
Votre historique - résultats
Vous n’avez pas pris ce quiz